000 00410nam a2200181Ia 4500
001 4227
005 20260306145740.0
008 260306t2003||||xx |||||||||||||| ||spa||
041 _aESP
082 _a320.011
_bR28
100 _aRawls, John
_eAUT
245 0 _aTeoría de la justicia
260 _c2003
300 _a549 páginas :
_c23 cm.
650 _aGEN
654 _aCDE
942 _cLIB
_dJUS
_fJUS
_2ddc
_n
999 _c4227
_d4227